Responses for Show #7734 - Thursday, April 5, 2018

Contestants

[<< previous game]

Arielle Lipshaw, a business analyst from Arlington, Massachusetts

Kristin Robbins, an attorney from Red Bank, New Jersey

Jack Dickey, a journalist from New York, New York (whose 2-day cash winnings total $46,802)

[next game >>]

Jeopardy! Round responses

MINE-APOLIS
X-Y-Z ABBREVIATIONS
TRANSPORTATION IN SONG
KING JAMES BIBLE QUOTES
MANY ARE CALLED
FEW ARE CHOSEN
    $200 21
(Arielle: What is aluminum?)

lead

JackArielle
    $200 15
a yellow card

Jack
    $200 11
[ERRATUM: The clue is missing quotation marks after "Song".]

his sleigh

Kristin
    $200 6
money

Arielle
    $200 23
a conference call

Jack
    $200 1
astronauts

Kristin
    $400 22
Krypton

Kristin
    $400 17
year to date

Kristin
    $400 12
an elevator

Kristin
    $400 7
begotten

Kristin
    $400 24
(Alex: With less than a minute to go.)

a phone tree

Jack
    $400 2
Secretary-General of the U.N.

Kristin
    $1,000 28
[The end-of-round signal sounds.]

Silicon Valley

Kristin
    $600 18
extra base hits

Jack
    $600 13
the "Banana Boat" (song)

Kristin
    $600 8
purpose

Kristin
    $600 25
charitable organizations

Kristin
    $600 3
Phi Beta Kappa

Jack
    $800 19
a zero emissions vehicle

Jack
    $800 14
mopeds

Triple Stumper
    $800 9
rod and staff

Kristin
    $800 26
a robocall

Arielle
    $800 4
the Federal Reserve

Jack
    $1000 20
zloty

Jack
    $1000 16
(Kristin: What is "Pennsylvania 6-5000"?)

the "Chattanooga Choo Choo"

KristinArielle
    $1000 10
knock

Triple Stumper
    $1000 27
a boiler room

Kristin
    $1000 5
the Crusade

Arielle

Scores at the first commercial break (after clue 15):

Jack Kristin Arielle
$1,600 $3,600 $1,200

Scores at the end of the Jeopardy! Round:

Jack Kristin Arielle
$4,800 $6,000 $2,800

Double Jeopardy! Round responses

BOOKS & AUTHORS
COMIC STRIPS
ORGANIZATIONS
WORD ORIGINS
KNOWLEDGE
THE OLD COUNTRY
    $400 1
Quidditch

Jack
    $400 19
a brownie

Arielle
    $400 11
the First Amendment

Jack
    $400 24
a convert

Kristin
    $400 6
sapiens

Arielle
    $400 16
French West Africa

Triple Stumper
    $800 2
Curious George

Kristin
    $800 20
(Scott) Adams

Jack
    $800 12
the USO

Jack
    $800 25
mosaic

Kristin
    $800 7
awareness

Arielle
    $800 17
the Balkan

Kristin
    $1,800 3
(Kristin: Who is Michael Crichton?)

Mario Puzo

Kristin
    $1200 21
Marmaduke and Garfield

Arielle
    $3,000 13
the National Rifle Association (NRA)

Jack
    $1200 26
lawn

Jack
    $1200 8
a reasonable doubt

Arielle
    $1200 18
the Kingdom of the Two Sicilies

Triple Stumper
    $1600 4
Sister Carrie

Arielle
    $1600 22
football

Kristin
    $1600 14
NOW (National Organization for Women)

Jack
    $1600 27
(Alex: [*] for Zanni.)

zany

Jack
    $1600 9
compressing

Jack
    $1600 29
Assyria

Kristin
    $2000 5
Ken Follett

Kristin
    $2000 23
Ziggy

Jack
    $2000 15
DACA

Kristin
    $2000 28
harem

Kristin
    $2000 10
(Arielle: What is teleology?)

epistemology

Arielle
Triple Stumper
    $2000 30
Romania

Kristin

Scores at the end of the Double Jeopardy! Round:

Jack Kristin Arielle
$18,200 $18,200 $6,400

[wagering suggestions for these scores]

Final Jeopardy! Round responses

FILMS OF THE 1990s
ArielleWhat is The Fugitive?
$6,399
KristinWhat is The Fugitive?
$18,199
JackWhat is Men in Black?
$18,200
The Fugitive

Final scores:

Jack Kristin Arielle
$0 $36,399 $12,799
3rd place: $1,000 New champion: $36,399 2nd place: $2,000

Game dynamics:

Coryat scores:

Jack Kristin Arielle
$16,400 $19,600 $6,400
19 R
(including 1 DD),
0 W
23 R
(including 1 DD),
2 W
(including 1 DD)
10 R,
2 W

Combined Coryat: $42,400

[game clues] [game scores] [suggest correction]

Game tape date: 2018-01-18
The J! Archive is created by fans, for fans. Scraping, republication, monetization, and malicious use prohibited; this site may use cookies and collect identifying information. See terms. The Jeopardy! game show and all elements thereof, including but not limited to copyright and trademark thereto, are the property of Jeopardy Productions, Inc. and are protected under law. This website is not affiliated with, sponsored by, or operated by Jeopardy Productions, Inc. Join the discussion at JBoard.tv.